000 00759nam a2200241 a 4500
008 951121s1987||||[C 0 slo c
020 _c20 Kčs.
_q(8000 výtl.)
040 _aSNK
_bslo
_cSNK
_eAACR2
041 1 _aslo
_hger
044 _axo
_cSK
080 _a830 (436)-3
100 1 _aEbnerová, Jeannie
_4aut
245 1 0 _aTri flautové tóny
_cJeannie Ebner ; Evelína Radičová, Igor Imro, Milan Žitný
250 _a1., vyd.
260 _aBratislava
_bTatran
_c1987
_eBanská Bystrica
_fTlačiarne SNP
300 _a207 s., 12,96 AH
_c20 cm
490 0 _aLUK
_vZv. 121.
500 _aText na predsádkach.
700 1 _aRadičová-Silberhornová, Evelína
_4trl
700 1 _aImro, Igor
_4bkd
700 1 _aŽitný, Milan
_d1948-
_4oth
958 _aA
999 _c10543
_d10543